[Event "29th Metz Open - B"]
[Site "Longeville-les-Metz"]
[Date "2011.05.03"]
[Round "3.5"]
[White "Poss, Guillaume"]
[Black "Azorit, Louis"]
[Result "0-1"]
[WhiteElo "1859"]
[BlackElo "2013"]
[PlyCount "100"]
[EventDate "2011.05.02"]
[Source "Roland WIMMER, Pierre BECKER (FA)"]
[SourceDate "2011.05.18"]

1. e4 e5 2. f4 exf4 3. Bc4 Be7 4. Nf3 Bh4+ 5. Kf1 d6 6. d4 Be6 7. Bxe6 fxe6 8.
Bxf4 Be7 9. c3 Qd7 10. Qb3 Nc6 11. d5 exd5 12. exd5 Nd8 13. Nbd2 Nf6 14. c4 O-O
15. Be3 Ng4 16. Bd4 Bf6 17. Qc3 Qf5 18. Bxf6 Rxf6 19. h3 Ne5 20. Re1 Nxf3 21.
Nxf3 Nf7 22. Ke2 Re8+ 23. Kd2 Ne5 24. Rhf1 Nxf3+ 25. Rxf3 Qg5+ 26. Kd1 Ref8 27.
Qe3 Qh5 28. Ref1 Re8 29. Qf2 h6 30. Kd2 Qg5+ 31. Kd1 Ref8 32. Qe2 Qg6 33. Kc1
Re8 34. Qf2 Qg5+ 35. Kd1 Rxf3 36. Qxf3 Qe5 37. Qf7+ Kh8 38. Kc2 Qe2+ 39. Kc1
Qxc4+ 40. Kb1 Qe4+ 41. Kc1 Qe3+ 42. Kb1 Re5 43. Rc1 Qe4+ 44. Ka1 Qxd5 45. Qxc7
Qxg2 46. Qxd6 Qg5 47. Rc8+ Kh7 48. a3 Re1+ 49. Ka2 Qf6 50. Qd2 Qe6+ 0-1

[Event "29th Metz Open - B"]
[Site "Longeville-les-Metz"]
[Date "2011.05.03"]
[Round "3.6"]
[White "Vaillant, Stephane"]
[Black "Schmidt, Alain"]
[Result "1-0"]
[WhiteElo "1998"]
[BlackElo "1866"]
[PlyCount "79"]
[EventDate "2011.05.02"]
[Source "Roland WIMMER, Pierre BECKER (FA)"]
[SourceDate "2011.05.18"]

1. d4 d5 2. Nf3 Nf6 3. c4 c6 4. Nc3 e6 5. cxd5 exd5 6. Bg5 Be7 7. e3 Bf5 8. Bd3
Ne4 9. Bxe7 Qxe7 10. Qc2 Nd7 11. O-O Bg6 12. Rae1 O-O 13. Nd2 f5 14. f3 Nxc3
15. bxc3 Rae8 16. f4 Nf6 17. Nf3 Ne4 18. Ne5 Qa3 19. c4 Nd6 20. c5 Ne4 21. Rb1
Re7 22. Rb3 Qa5 23. Bxe4 fxe4 24. Rfb1 Bf5 25. Qb2 Bc8 26. Ra3 Qd8 27. Rxa7 g5
28. fxg5 Rg7 29. g6 Qg5 30. Qd2 hxg6 31. Ra8 Qf6 32. Qe1 g5 33. Rb2 Qh6 34. Rf2
Re8 35. Ng4 Qg6 36. Nf6+ Kh8 37. Nxe8 Qxe8 38. Rf6 Kh7 39. Qf2 Qd7 40. Rf8 1-0

[Event "29th Metz Open - B"]
[Site "Longeville-les-Metz"]
[Date "2011.05.03"]
[Round "3.7"]
[White "Selvaradje, Partibane"]
[Black "Hartmann, Dominique"]
[Result "0-1"]
[WhiteElo "1639"]
[BlackElo "1983"]
[PlyCount "66"]
[EventDate "2011.05.02"]
[Source "Roland WIMMER, Pierre BECKER (FA)"]
[SourceDate "2011.05.18"]

1. d4 Nf6 2. c4 c5 3. d5 b5 4. b3 bxc4 5. bxc4 d6 6. Nc3 g6 7. e4 Bg7 8. Bd2
O-O 9. Be2 Nbd7 10. f4 Rb8 11. Rb1 Nb6 12. Nf3 Bd7 13. e5 Ne8 14. O-O a6 15. h3
e6 16. Be3 exd5 17. cxd5 Qc8 18. Ne4 Bf5 19. Qd3 Nc7 20. exd6 Ncxd5 21. Rxb6
Nxb6 22. g4 c4 23. Qc2 Nd5 24. Bc1 Nb4 25. Qxc4 Qxc4 26. Bxc4 Bxe4 27. Ne5 Bxe5
28. fxe5 Bd3 29. Rf4 Bxc4 30. Rxc4 Nd3 31. Ba3 Nxe5 32. Rc7 Rfc8 33. Re7 Rc2
0-1

[Event "29th Metz Open - B"]
[Site "Longeville-les-Metz"]
[Date "2011.05.03"]
[Round "3.8"]
[White "Stephanus, Joseph"]
[Black "Lombard, Christophe"]
[Result "1/2-1/2"]
[WhiteElo "1959"]
[BlackElo "1805"]
[PlyCount "91"]
[EventDate "2011.05.02"]
[Source "Roland WIMMER, Pierre BECKER (FA)"]
[SourceDate "2011.05.18"]

1. Nf3 d6 2. c4 Nf6 3. g3 c5 4. d4 g6 5. d5 Bg7 6. Nc3 Bf5 7. Bg2 O-O 8. O-O
Nbd7 9. Re1 Ne4 10. Nxe4 Bxe4 11. Nd2 Bxg2 12. Kxg2 e6 13. dxe6 fxe6 14. e4 Bd4
15. f4 Qf6 16. Nf3 e5 17. Nxd4 cxd4 18. Rf1 Nc5 19. Qe2 d3 20. Qe3 exf4 21.
gxf4 Rae8 22. e5 Qf5 23. b4 Qe4+ 24. Qxe4 Nxe4 25. Be3 dxe5 26. fxe5 Rxe5 27.
Rxf8+ Kxf8 28. Bxa7 Nc3 29. Bd4 Re2+ 30. Kf3 Nxa2 31. Rd1 Rxh2 32. Bc5+ Kf7 33.
Rxd3 Rh3+ 34. Ke4 Nc3+ 35. Kd4 Ne2+ 36. Ke4 Rxd3 37. Kxd3 Nf4+ 38. Ke4 Ne6 39.
Bd6 Kf6 40. c5 h5 41. b5 g5 42. c6 bxc6 43. bxc6 g4 44. c7 Nxc7 45. Bxc7 Kg5
46. Bd8+ 1/2-1/2

[Event "29th Metz Open - B"]
[Site "Longeville-les-Metz"]
[Date "2011.05.03"]
[Round "3.9"]
[White "N'Guyen, Emilien"]
[Black "Hector, Pierre"]
[Result "0-1"]
[WhiteElo "1781"]
[BlackElo "1890"]
[PlyCount "74"]
[EventDate "2011.05.02"]
[Source "Roland WIMMER, Pierre BECKER (FA)"]
[SourceDate "2011.05.18"]

1. d4 Nf6 2. c4 g6 3. Nc3 d5 4. Nf3 Bg7 5. cxd5 Nxd5 6. e4 Nxc3 7. bxc3 O-O 8.
Be3 c5 9. Qd2 Qa5 10. Rc1 Rd8 11. d5 Nc6 12. Bd3 Bg4 13. Ng5 Ne5 14. h3 Bd7 15.
Be2 c4 16. f4 Nd3+ 17. Bxd3 cxd3 18. c4 Qa3 19. Nf3 Bb2 20. Bc5 Qxc5 21. Qxb2
Qe3+ 22. Kf1 Qxf4 23. Re1 e6 24. Qd2 Qxd2 25. Nxd2 exd5 26. exd5 Rac8 27. Kf2
b5 28. Rc1 bxc4 29. Rxc4 Rxc4 30. Nxc4 Bb5 31. Ne3 Rc8 32. Rb1 a6 33. Rb4 Rc2+
34. Kf3 Rxa2 35. d6 Ra4 36. Rxa4 Bxa4 37. Nd5 d2 0-1

[Event "29th Metz Open - B"]
[Site "Longeville-les-Metz"]
[Date "2011.05.03"]
[Round "3.10"]
[White "Steininger, Denis"]
[Black "Vuillemard, Jean-Marc"]
[Result "1/2-1/2"]
[WhiteElo "1978"]
[BlackElo "1770"]
[PlyCount "64"]
[EventDate "2011.05.02"]
[Source "Roland WIMMER, Pierre BECKER (FA)"]
[SourceDate "2011.05.18"]

1. e4 d6 2. d4 Nd7 3. f4 c6 4. Nf3 Ngf6 5. e5 dxe5 6. fxe5 Nd5 7. c4 Nc7 8. d5
cxd5 9. cxd5 Nb6 10. Nc3 Nbxd5 11. Nxd5 Qxd5 12. Qxd5 Nxd5 13. Bb5+ Bd7 14.
Bxd7+ Kxd7 15. Ng5 e6 16. Nxf7 Bb4+ 17. Bd2 Rhf8 18. Bxb4 Nxb4 19. O-O-O+ Nd5
20. Nd6 b6 21. Rd2 Rf4 22. g3 Rf3 23. Re1 Raf8 24. Kd1 Rf2 25. Nb5 Rxd2+ 26.
Kxd2 Rf2+ 27. Re2 Rxe2+ 28. Kxe2 a6 29. Nd4 Nb4 30. a3 Nc6 31. Nf3 h6 32. h4
Ne7 1/2-1/2

[Event "29th Metz Open - B"]
[Site "Longeville-les-Metz"]
[Date "2011.05.03"]
[Round "3.25"]
[White "Tomassi, Pierre"]
[Black "Ciccoli, Theo"]
[Result "0-1"]
[WhiteElo "1360"]
[BlackElo "1510"]
[PlyCount "44"]
[Annotator ""]
[Source "Roland WIMMER, Pierre BECKER (FA)"]
[SourceDate "2011.05.18"]

1. e4 e5 2. Nf3 Nf6 3. Nxe5 d6 4. Nf3 Nxe4 5. d3 Nf6 6. Nc3 Bg4 7. Be2 Nc6
8. O-O Be7 9. Bg5 O-O 10. Re1 d5 11. Qd2 Qd6 12. Bf4 Qd7 13. Ne5 Nxe5 14.
Bxe5 Bxe2 15. Rxe2 Rfe8 16. Rae1 c6 17. d4 Ng4 18. Bxg7 Kxg7 19. Rxe7 Rxe7
20. Qg5+ Kf8 21. Rxe7 Qxe7 22. Qd2 Re8 0-1

[Event "29th Metz Open - B"]
[Site "Longeville-les-Metz"]
[Date "2011.05.04"]
[Round "4.1"]
[White "Malglaive, Jean-Louis"]
[Black "Blanchard, Alain"]
[Result "1-0"]
[WhiteElo "1815"]
[BlackElo "1792"]
[PlyCount "51"]
[EventDate "2011.05.02"]
[Source "Roland WIMMER, Pierre BECKER (FA)"]
[SourceDate "2011.05.18"]

1. e4 e5 2. f4 exf4 3. Nf3 g5 4. Bc4 Bg7 5. d4 d6 6. g3 g4 7. Nh4 f3 8. Be3 Nc6
9. Nc3 Nge7 10. h3 h5 11. Qd2 gxh3 12. Nxf3 Bg4 13. Qf2 Qd7 14. Bxf7+ Kd8 15.
Ng5 Kc8 16. d5 Nd8 17. Bd4 Nxf7 18. Nxf7 Bxd4 19. Qxd4 Re8 20. O-O Ng6 21. Qf6
Ne5 22. Nxe5 Rxe5 23. Qh8+ Re8 24. Rf8 Kd8 25. Raf1 Qe7 26. Rxe8+ 1-0

[Event "29th Metz Open - B"]
[Site "Longeville-les-Metz"]
[Date "2011.05.04"]
[Round "4.2"]
[White "Paturaux, Laurent"]
[Black "Micottis, Dorian"]
[Result "1-0"]
[WhiteElo "1799"]
[BlackElo "1783"]
[PlyCount "43"]
[EventDate "2011.05.02"]
[Source "Roland WIMMER, Pierre BECKER (FA)"]
[SourceDate "2011.05.18"]

1. Nf3 Nf6 2. g3 g6 3. Bg2 Bg7 4. c4 O-O 5. O-O d5 6. d4 c5 7. Nbd2 cxd4 8.
Nxd4 e5 9. N4b3 Nc6 10. cxd5 Nxd5 11. Nc4 Be6 12. Nc5 Nc3 13. Nxe6 Qxd1 14.
Rxd1 Nxe2+ 15. Kf1 Nxg3+ 16. hxg3 fxe6 17. Bxc6 bxc6 18. Be3 a5 19. Rd6 Ra6 20.
Rad1 Re8 21. Rd8 Kf8 22. Bc5+ 1-0

[Event "29th Metz Open - B"]
[Site "Longeville-les-Metz"]
[Date "2011.05.04"]
[Round "4.3"]
[White "Azorit, Louis"]
[Black "Hartmann, Dominique"]
[Result "0-1"]
[WhiteElo "2013"]
[BlackElo "1983"]
[PlyCount "152"]
[EventDate "2011.05.02"]
[Source "Roland WIMMER, Pierre BECKER (FA)"]
[SourceDate "2011.05.18"]

1. e4 c5 2. Nf3 d6 3. Bb5+ Bd7 4. Bxd7+ Nxd7 5. O-O Ngf6 6. Re1 e6 7. b3 g6 8.
Bb2 Bg7 9. c4 O-O 10. Nc3 a6 11. Qc2 Ng4 12. h3 Nge5 13. Nxe5 Nxe5 14. f4 Nc6
15. a3 Nd4 16. Qd1 Qh4 17. Rf1 Bh6 18. Ne2 Nxe2+ 19. Qxe2 Bxf4 20. d4 Bh6 21.
dxc5 dxc5 22. Bf6 Bg5 23. e5 Bxf6 24. exf6 Rad8 25. Rf3 Rd4 26. Qe5 b6 27. Raf1
Rfd8 28. Kh2 Qh6 29. Qc7 R8d6 30. Qc8+ Qf8 31. Qxa6 Qb8 32. Kh1 e5 33. b4 e4
34. Re3 Rxf6 35. Rfe1 Rfd6 36. bxc5 bxc5 37. Qb5 Qxb5 38. cxb5 Rb6 39. Rxe4
Rxe4 40. Rxe4 Rxb5 41. Rc4 Kg7 42. Kg1 Kf6 43. Rf4+ Ke6 44. Kf2 f5 45. g4 Ke5
46. Ra4 fxg4 47. hxg4 Kd5 48. Ra7 c4 49. Rxh7 Rb3 50. Rg7 Kd4 51. Rxg6 Rxa3 52.
Rd6+ Kc3 53. Ke3 Kc2+ 54. Kf4 c3 55. g5 Ra4+ 56. Kf5 Rc4 57. g6 Rc8 58. g7 Kb1
59. Rb6+ Ka1 60. Ra6+ Kb2 61. Rb6+ Ka3 62. Ra6+ Kb4 63. Rb6+ Ka3 64. Ra6+ Kb2
65. Rb6+ Kc1 66. Rc6 Rxc6 67. g8=Q c2 68. Qd5 Rc3 69. Ke4 Kb2 70. Qb5+ Rb3 71.
Qe5+ Kb1 72. Qd5 Rb4+ 73. Ke5 c1=Q 74. Qd3+ Qc2 75. Qf1+ Kb2 76. Qe1 Qc5+ 0-1

[Event "29th Metz Open - B"]
[Site "Longeville-les-Metz"]
[Date "2011.05.04"]
[Round "4.4"]
[White "Hector, Pierre"]
[Black "Vaillant, Stephane"]
[Result "1/2-1/2"]
[WhiteElo "1890"]
[BlackElo "1998"]
[PlyCount "67"]
[EventDate "2011.05.02"]
[Source "Roland WIMMER, Pierre BECKER (FA)"]
[SourceDate "2011.05.18"]

1. e4 e6 2. d4 d5 3. Nd2 Nf6 4. e5 Nfd7 5. Bd3 c5 6. c3 Nc6 7. Ne2 cxd4 8. cxd4
f6 9. Nf4 Nxd4 10. Qh5+ Ke7 11. exf6+ Nxf6 12. Ng6+ hxg6 13. Qxh8 Kf7 14. Qh4
e5 15. O-O e4 16. Bxe4 dxe4 17. Nxe4 Nf5 18. Ng5+ Kg8 19. Qc4+ Qd5 20. Qe2 Nd4
21. Qd1 Bd7 22. Be3 Bc6 23. f3 Rd8 24. Qxd4 Qxd4 25. Bxd4 Rxd4 26. Ne6 Rd2 27.
Nxf8 Kxf8 28. Rf2 Rxf2 29. Kxf2 Nd5 30. Rd1 Kf7 31. Rd4 Kf6 32. g3 g5 33. Rc4
Ke5 34. Re4+ 1/2-1/2

[Event "29th Metz Open - B"]
[Site "Longeville-les-Metz"]
[Date "2011.05.04"]
[Round "4.5"]
[White "Vuillemard, Jean-Marc"]
[Black "Donchenko, Irina"]
[Result "0-1"]
[WhiteElo "1770"]
[BlackElo "2058"]
[PlyCount "80"]
[EventDate "2011.05.02"]
[Source "Roland WIMMER, Pierre BECKER (FA)"]
[SourceDate "2011.05.18"]

1. e4 c5 2. Nc3 Nc6 3. g3 g6 4. Bg2 Bg7 5. d3 d6 6. Be3 Nf6 7. h3 O-O 8. Qd2
Re8 9. O-O-O Rb8 10. f4 Qc7 11. Nf3 b5 12. Rdf1 Qa5 13. f5 b4 14. fxg6 bxc3 15.
gxf7+ Kxf7 16. Qxc3 Qxc3 17. bxc3 Kg8 18. g4 Ba6 19. Ng5 Bc8 20. Nf3 Nd7 21.
Kd2 Nde5 22. Nh4 a5 23. Nf5 Bxf5 24. exf5 Rb6 25. g5 Nd7 26. Bd5+ Kh8 27. h4
Nce5 28. Rf4 Rb2 29. d4 Nb6 30. c4 Nexc4+ 31. Bxc4 Nxc4+ 32. Kc3 d5 33. Bf2
Rxa2 34. Rb1 a4 35. Kd3 Rb2 36. Ra1 a3 37. f6 exf6 38. gxf6 Bh6 39. f7 Rf8 40.
dxc5 Bxf4 0-1

[Event "29th Metz Open - B"]
[Site "Longeville-les-Metz"]
[Date "2011.05.04"]
[Round "4.6"]
[White "Van Rienen, Willy"]
[Black "Lombard, Christophe"]
[Result "1-0"]
[WhiteElo "1967"]
[BlackElo "1805"]
[PlyCount "37"]
[EventDate "2011.05.02"]
[Source "Roland WIMMER, Pierre BECKER (FA)"]
[SourceDate "2011.05.18"]

1. e4 e5 2. f4 Nc6 3. Nf3 f5 4. Nc3 fxe4 5. Nxe4 d5 6. Nf2 e4 7. Ne5 Nxe5 8.
fxe5 Qg5 9. d4 e3 10. Ke2 Bg4+ 11. Nxg4 Qxg4+ 12. Ke1 Qe4 13. Qd3 e2 14. Bxe2
Qxg2 15. Bf3 Qh3 16. Qb5+ Kd8 17. Qxd5+ Ke8 18. Qxb7 Qh4+ 19. Ke2 1-0

[Event "29th Metz Open - B"]
[Site "Longeville-les-Metz"]
[Date "2011.05.04"]
[Round "4.7"]
[White "Duda, Richard"]
[Black "Stephanus, Joseph"]
[Result "1/2-1/2"]
[WhiteElo "1763"]
[BlackElo "1959"]
[PlyCount "72"]
[EventDate "2011.05.02"]
[Source "Roland WIMMER, Pierre BECKER (FA)"]
[SourceDate "2011.05.18"]

1. e4 c6 2. d4 d5 3. f3 Qb6 4. c3 Nf6 5. e5 Nfd7 6. f4 e6 7. Nf3 c5 8. Bd3 Nc6
9. Bc2 Be7 10. Qd3 cxd4 11. Nxd4 Nc5 12. Qe2 Bd7 13. Nd2 Nxd4 14. cxd4 Na6 15.
Nb3 Nb4 16. Bb1 Ba4 17. Be3 Nxa2 18. Bxa2 Bxb3 19. Bxb3 Qxb3 20. O-O O-O 21.
Rfc1 Rfc8 22. g4 a6 23. f5 Rc4 24. Rxc4 Qxc4 25. Qf2 exf5 26. gxf5 Qd3 27. Rc1
Qe4 28. Qf4 Qxf4 29. Bxf4 b5 30. Bd2 a5 31. Rc7 Kf8 32. Bxa5 Rxa5 33. Rc8+ Bd8
34. Rxd8+ Ke7 35. Rxd5 Ra4 36. Rxb5 Rxd4 1/2-1/2

[Event "29th Metz Open - B"]
[Site "Longeville-les-Metz"]
[Date "2011.05.04"]
[Round "4.8"]
[White "Hehn, Aymeric"]
[Black "Pierrot, Fabrice"]
[Result "1-0"]
[WhiteElo "1853"]
[BlackElo "1767"]
[PlyCount "53"]
[EventDate "2011.05.02"]
[Source "Roland WIMMER, Pierre BECKER (FA)"]
[SourceDate "2011.05.18"]

1. d4 Nf6 2. c4 e5 3. dxe5 Ne4 4. Nf3 Nc6 5. Nbd2 Nc5 6. a3 a5 7. Nb3 Nxb3 8.
Qxb3 f6 9. exf6 Qxf6 10. Bg5 Qf7 11. e3 Bc5 12. Qc2 O-O 13. Bd3 Qh5 14. Bf4 d6
15. Be4 Bf5 16. Bxf5 Rxf5 17. h3 Qf7 18. Ng5 Qg6 19. Nf3 Qf7 20. O-O-O Qd7 21.
Ng5 g6 22. g4 Rff8 23. Ne4 Qe7 24. g5 Ne5 25. Nf6+ Kg7 26. h4 h6 27. gxh6+ 1-0

[Event "29th Metz Open - B"]
[Site "Longeville-les-Metz"]
[Date "2011.05.04"]
[Round "4.9"]
[White "Bianchi, Tobias"]
[Black "Hirschmann, Georges"]
[Result "1/2-1/2"]
[WhiteElo "1653"]
[BlackElo "1811"]
[PlyCount "69"]
[EventDate "2011.05.02"]
[Source "Roland WIMMER, Pierre BECKER (FA)"]
[SourceDate "2011.05.18"]

1. d4 Nf6 2. c4 e6 3. Nc3 Bb4 4. e3 O-O 5. Bd3 d5 6. Nge2 c5 7. O-O cxd4 8.
exd4 dxc4 9. Bxc4 Nc6 10. a3 Be7 11. Bf4 b6 12. d5 exd5 13. Nxd5 Nxd5 14. Bxd5
Bb7 15. Ng3 Bf6 16. Rb1 Na5 17. Bxb7 Nxb7 18. Qg4 Qd3 19. Nf5 Kh8 20. Bg5 Bxg5
21. Qxg5 Rg8 22. Rbd1 Qb3 23. Rd4 f6 24. Qd2 Rad8 25. Rd1 Rxd4 26. Qxd4 Qe6 27.
Qd7 Qxd7 28. Rxd7 Rd8 29. Rxd8+ Nxd8 30. Nd6 Kg8 31. f3 Kf8 32. Kf2 Nc6 33. Ke3
g6 34. f4 Ke7 35. Ne4 1/2-1/2

[Event "29th Metz Open - B"]
[Site "Longeville-les-Metz"]
[Date "2011.05.04"]
[Round "4.10"]
[White "Lukas, Hubertus"]
[Black "Greiner, Leon"]
[Result "1-0"]
[WhiteElo "1810"]
[BlackElo "1592"]
[PlyCount "67"]
[EventDate "2011.05.02"]
[Source "Roland WIMMER, Pierre BECKER (FA)"]
[SourceDate "2011.05.18"]

1. Nc3 Nf6 2. d4 e6 3. a3 b6 4. e4 Ba6 5. Bxa6 Nxa6 6. e5 Nd5 7. Ne4 Ne7 8. Qe2
Qc8 9. Nh3 Ng6 10. O-O d5 11. Ng3 h6 12. f4 Ne7 13. c3 c5 14. f5 Nxf5 15. Nxf5
exf5 16. Qb5+ Kd8 17. Nf4 Nc7 18. Qb3 c4 19. Qc2 Qd7 20. a4 g6 21. b3 Ne6 22.
bxc4 Nxf4 23. Rxf4 dxc4 24. Be3 Qd5 25. Rb1 Bg7 26. Rb5 Qb7 27. Qb1 Rc8 28. Rf2
Qd7 29. a5 bxa5 30. Rb7 Rc7 31. Rfb2 Rxb7 32. Rxb7 Qd5 33. Rxa7 Kc8 34. Qb6 1-0

[Event "29th Metz Open - B"]
[Site "Longeville-les-Metz"]
[Date "2011.05.04"]
[Round "4.17"]
[White "Brion, Marwan"]
[Black "Mitrovic, Slobodan"]
[Result "0-1"]
[WhiteElo "1560"]
[BlackElo "1915"]
[PlyCount "70"]
[Annotator ""]
[Source "Roland WIMMER, Pierre BECKER (FA)"]
[SourceDate "2011.05.18"]

1. e4 e5 2. Nf3 Nc6 3. Bc4 Nd4 4. Nxe5 Qg5 5. Nxf7 Qxg2 6. Nxh8 Qxh1+ 7.
Bf1 Qxe4+ 8. Be2 Nxc2+ 9. Qxc2 Qxc2 10. Nc3 g6 11. Bc4 Nh6 12. d4 Bb4 13.
Bd2 Bxc3 14. bxc3 Qe4+ 15. Be2 Nf5 16. f3 Qh4+ 17. Kd1 Qf6 18. Nxg6 hxg6
19. Kc2 d5 20. Re1 Be6 21. Rg1 Kd7 22. Bd3 Rh8 23. Bf4 Qf7 24. Be5 Rh3 25.
Be2 Nh4 26. Bg3 Rxg3 27. Rxg3 Qf4 28. Bb5+ c6 29. Be2 Qe3 30. Bd3 Qf2+ 31.
Kb3 Qxh2 32. Rg5 Qf4 33. Rg1 Bf5 34. Bxf5+ Qxf5 35. Rh1 g5 0-1

[Event "29th Metz Open - B"]
[Site "Longeville-les-Metz"]
[Date "2011.05.05"]
[Round "5.1"]
[White "Paturaux, Laurent"]
[Black "Malglaive, Jean-Louis"]
[Result "0-1"]
[WhiteElo "1799"]
[BlackElo "1815"]
[PlyCount "72"]
[EventDate "2011.05.02"]
[Source "Roland WIMMER, Pierre BECKER (FA)"]
[SourceDate "2011.05.18"]

1. Nf3 c5 2. g3 Nc6 3. Bg2 e5 4. c4 f5 5. d3 Nf6 6. Nc3 g6 7. Nd5 Bg7 8. Bg5 h6
9. Bxf6 Bxf6 10. e4 d6 11. Qa4 O-O 12. O-O g5 13. b4 f4 14. b5 Ne7 15. Rab1 g4
16. Nd2 f3 17. Bh1 Bd7 18. Qc2 Bg5 19. Ne3 h5 20. Rfc1 Ng6 21. Ndf1 Rf7 22. Rb2
Nf8 23. h3 Ne6 24. hxg4 Nd4 25. Qd1 hxg4 26. Nh2 Qc8 27. Rcb1 Be6 28. Qe1 Qd7
29. Qa5 b6 30. Qe1 Kg7 31. a4 Rh8 32. a5 Bd8 33. axb6 Bxb6 34. Nef1 Rh6 35. Qe3
Kg6 36. Ra1 Qe7 0-1

[Event "29th Metz Open - B"]
[Site "Longeville-les-Metz"]
[Date "2011.05.05"]
[Round "5.2"]
[White "Hartmann, Dominique"]
[Black "Van Rienen, Willy"]
[Result "0-1"]
[WhiteElo "1983"]
[BlackElo "1967"]
[PlyCount "124"]
[EventDate "2011.05.02"]
[Source "Roland WIMMER, Pierre BECKER (FA)"]
[SourceDate "2011.05.18"]

1. c4 Nf6 2. g3 e5 3. Bg2 Nc6 4. Nc3 Bc5 5. e3 d6 6. Nge2 O-O 7. O-O a6 8. d4
exd4 9. exd4 Ba7 10. Bg5 h6 11. Bxf6 Qxf6 12. Nd5 Qd8 13. h3 Ne7 14. Nxe7+ Qxe7
15. Nc3 c6 16. d5 Qc7 17. dxc6 bxc6 18. Qd2 Rb8 19. b3 d5 20. cxd5 cxd5 21.
Nxd5 Qxg3 22. Ne7+ Kh8 23. Nxc8 Rfxc8 24. Rac1 Rd8 25. Qc3 Qg6 26. Qc6 Qg5 27.
Qf3 Rd7 28. Rcd1 Rbd8 29. Rxd7 Rxd7 30. Qa8+ Kh7 31. Kh1 f5 32. Bd5 Qd8 33.
Qxd8 Rxd8 34. Be6 Kg6 35. Kg2 Rd2 36. a4 a5 37. Kg3 Bb8+ 38. Kg2 Kg5 39. Bc4
Ba7 40. Kg3 f4+ 41. Kf3 Kf5 42. Ba6 g5 43. Bc8+ Kf6 44. Ba6 h5 45. Be2 g4+ 46.
hxg4 hxg4+ 47. Kxg4 Rxe2 48. Kxf4 Rxf2+ 49. Rxf2 Bxf2 50. Ke4 Be1 51. Kd4 Bb4
52. Kd5 Kf5 53. Kd4 Kf4 54. Kd3 Kf3 55. Kc2 Ke2 56. Kc1 Kd3 57. Kb2 Kd2 58. Kb1
Kc3 59. Ka2 Kc2 60. Ka1 Kxb3 61. Kb1 Kxa4 62. Ka2 Bc3 0-1

[Event "29th Metz Open - B"]
[Site "Longeville-les-Metz"]
[Date "2011.05.05"]
[Round "5.3"]
[White "Donchenko, Irina"]
[Black "Hehn, Aymeric"]
[Result "1-0"]
[WhiteElo "2058"]
[BlackElo "1853"]
[PlyCount "87"]
[EventDate "2011.05.02"]
[Source "Roland WIMMER, Pierre BECKER (FA)"]
[SourceDate "2011.05.18"]

1. d4 Nf6 2. Nf3 g6 3. g3 Bg7 4. Bg2 O-O 5. c4 d5 6. O-O c6 7. Qc2 dxc4 8. Qxc4
Nbd7 9. Nc3 Nb6 10. Qd3 Be6 11. Rd1 Bc4 12. Qc2 Nbd5 13. Ne5 Nxc3 14. bxc3 Ba6
15. Ba3 Re8 16. Rab1 Qc7 17. c4 Nd7 18. Nxd7 Qxd7 19. Qa4 Qe6 20. d5 cxd5 21.
Bxd5 Qxe2 22. Bxb7 Bxb7 23. Rxb7 Rad8 24. Rbd7 Rxd7 25. Qxd7 Rb8 26. Bxe7 Qxc4
27. Qxa7 Rc8 28. Qb7 h5 29. Qxc8+ Qxc8 30. Rd8+ Qxd8 31. Bxd8 Bd4 32. Kf1 Kf8
33. Ke2 Ke8 34. Bg5 Bc5 35. a4 Kd7 36. Be3 Bb4 37. Kd3 Kc6 38. h4 f6 39. Bd4
Be7 40. Ke4 g5 41. Kf5 gxh4 42. gxh4 Kd5 43. Bxf6 Bc5 44. f3 1-0

[Event "29th Metz Open - B"]
[Site "Longeville-les-Metz"]
[Date "2011.05.05"]
[Round "5.4"]
[White "Vaillant, Stephane"]
[Black "Lukas, Hubertus"]
[Result "0-1"]
[WhiteElo "1998"]
[BlackElo "1810"]
[PlyCount "120"]
[EventDate "2011.05.02"]
[Source "Roland WIMMER, Pierre BECKER (FA)"]
[SourceDate "2011.05.18"]

1. d4 Nf6 2. Nf3 Ne4 3. c4 e6 4. a3 Be7 5. Qc2 f5 6. g3 O-O 7. Bg2 c6 8. Nbd2
d5 9. O-O Nd7 10. e3 Bd6 11. b4 Rf7 12. Bb2 Nf8 13. Ne5 Rf6 14. Nxe4 fxe4 15.
f3 Rh6 16. fxe4 Bxe5 17. dxe5 dxc4 18. Rad1 Qe8 19. Qxc4 a5 20. Bc3 b6 21. Qb3
Qh5 22. h3 Ba6 23. Rf4 axb4 24. axb4 Bb5 25. g4 Qe8 26. Qb2 Ng6 27. Rf2 Bc4 28.
Rd6 Nh4 29. Bf1 Ra2 30. Bxc4 Rxb2 31. Bxb2 Rg6 32. Kh1 h5 33. gxh5 Rh6 34. Be2
Qa8 35. Bg4 c5 36. Bxe6+ Rxe6 37. Rxe6 Qxe4+ 38. Kh2 Qxe3 39. Kg1 Nf3+ 40. Kf1
Nd2+ 41. Kg2 Ne4 42. Re8+ Kh7 43. Rff8 Qe2+ 44. Kg1 Qe1+ 45. Kg2 Qg3+ 46. Kf1
Qxh3+ 47. Kg1 Qg3+ 48. Kf1 Qd3+ 49. Kg1 Qg3+ 50. Kf1 Qh3+ 51. Kg1 Qg4+ 52. Kf1
Ng3+ 53. Kf2 Nxh5 54. bxc5 Qg3+ 55. Ke2 Nf4+ 56. Rxf4 Qxf4 57. Kd3 bxc5 58. e6
Qf3+ 59. Kc2 Qg2+ 60. Kc1 Qg5+ 0-1

[Event "29th Metz Open - B"]
[Site "Longeville-les-Metz"]
[Date "2011.05.05"]
[Round "5.5"]
[White "Blanchard, Alain"]
[Black "Hector, Pierre"]
[Result "1/2-1/2"]
[WhiteElo "1792"]
[BlackElo "1890"]
[PlyCount "91"]
[EventDate "2011.05.02"]
[Source "Roland WIMMER, Pierre BECKER (FA)"]
[SourceDate "2011.05.18"]

1. d4 Nf6 2. c4 g6 3. Nc3 d5 4. Nf3 Bg7 5. Qb3 dxc4 6. Qxc4 O-O 7. e4 c6 8. Be2
Nbd7 9. Bf4 Qa5 10. O-O Nh5 11. Be3 e5 12. b4 Qd8 13. Rad1 exd4 14. Nxd4 Nhf6
15. Bf4 Nb6 16. Qb3 Qe7 17. Rfe1 Rd8 18. a4 Ng4 19. e5 Nxe5 20. a5 Nd5 21. Nxd5
Rxd5 22. Bc4 Rxd4 23. Bxe5 Rxd1 24. Qxd1 Bxe5 25. Qe2 Qxb4 26. Qxe5 Qxc4 27.
Qe8+ Kg7 28. h3 Qc3 29. Rd1 f6 30. Re1 Qd4 31. Re4 Qd1+ 32. Kh2 Qd6+ 33. Kg1
Bf5 34. Qxa8 Bxe4 35. Qxb7+ Kh6 36. Qxa7 Qa3 37. Qb6 f5 38. a6 c5 39. Qf6 Qc1+
40. Kh2 Qg5 41. Qf8+ Kh5 42. g3 f4 43. g4+ Kh4 44. a7 f3 45. Qd6 Qd5 46. Qf6+
1/2-1/2

[Event "29th Metz Open - B"]
[Site "Longeville-les-Metz"]
[Date "2011.05.05"]
[Round "5.6"]
[White "Micottis, Dorian"]
[Black "Azorit, Louis"]
[Result "0-1"]
[WhiteElo "1783"]
[BlackElo "2013"]
[PlyCount "104"]
[EventDate "2011.05.02"]
[Source "Roland WIMMER, Pierre BECKER (FA)"]
[SourceDate "2011.05.18"]

1. e4 c5 2. Nf3 e6 3. d4 cxd4 4. Nxd4 Nf6 5. Nc3 Bb4 6. Bd3 Nc6 7. Nb3 d5 8.
exd5 Nxd5 9. Bd2 Bxc3 10. bxc3 O-O 11. O-O Ne5 12. Bxh7+ Kxh7 13. Qh5+ Kg8 14.
Qxe5 Qc7 15. Qxc7 Nxc7 16. Rab1 b6 17. Rfe1 Ba6 18. a4 Nd5 19. Nd4 Rac8 20. Rb3
Bc4 21. Ra3 a6 22. Rb1 Rfd8 23. f4 Rd6 24. Re1 g6 25. g4 Nf6 26. h3 Bd5 27. Re3
Ne4 28. Be1 f5 29. g5 Kf7 30. h4 Rdd8 31. Rh3 Rh8 32. Ra1 Nd6 33. Rd3 Rc4 34.
Ra3 Nb7 35. Rd1 Nc5 36. a5 b5 37. Kh2 Rc8 38. Kg1 Na4 39. Rd3 Nc5 40. Rd1 Ke7
41. Kh2 Ne4 42. Rd3 Kd6 43. Re3 b4 44. Rb3 Rxd4 45. cxd4 Rxc2+ 46. Kg1 Bxb3 47.
Bxb4+ Kd5 48. Rxb3 Kxd4 49. Be7 Nd2 50. Rb4+ Ke3 51. h5 Nf3+ 52. Kf1 Rf2# 0-1